Catálogo
 En Linea

Producción de plántulas sanas de pimienta (piper nigrum L.) a partir de esquejes de plantas madres cultivadas en macetas / (Registro nro. 469)

Detalles MARC
000 -CABECERA
campo de control de longitud fija 01197nam a2200277 a 4500
001 - NÚMERO DE CONTROL
campo de control 000000471
005 - FECHA Y HORA DE LA ÚLTIMA TRANSACCIÓN
campo de control 20200929145340.0
008 - DATOS DE LONGITUD FIJA--INFORMACIÓN GENERAL
campo de control de longitud fija 081122s2007 dr ac 000 0 spa d
020 ## - NÚMERO INTERNACIONAL ESTÁNDAR DEL LIBRO
Número Internacional Estándar del Libro 9945852272
020 ## - NÚMERO INTERNACIONAL ESTÁNDAR DEL LIBRO
Número Internacional Estándar del Libro 9789945852271
040 ## - FUENTE DE LA CATALOGACIÓN
Centro catalogador/agencia de origen DO-SdBNP
Lengua de catalogación spa
Centro/agencia transcriptor BNPHU
082 ## - NÚMERO DE LA CLASIFICACIÓN DECIMAL DEWEY
Número de clasificación 633.84
Número de documento/Ítem A577p
100 1# - ENTRADA PRINCIPAL--NOMBRE DE PERSONA
Nombre de persona Andújar, Feliciano
9 (RLIN) 1552
245 10 - MENCIÓN DE TÍTULO
Título Producción de plántulas sanas de pimienta (piper nigrum L.) a partir de esquejes de plantas madres cultivadas en macetas /
Mención de responsabilidad, etc. Feliciano Andújar, César Tejada, Juan Moya.
260 ## - PUBLICACIÓN, DISTRIBUCIÓN, ETC.
Lugar de publicación, distribución, etc. Santo Domingo :
Nombre del editor, distribuidor, etc. IDIAF,
Fecha de publicación, distribución, etc. 2007.
300 ## - DESCRIPCIÓN FÍSICA
Extensión 24 p. :
Otras características físicas il., retrs. ;
Dimensiones 23 cm.
490 1# - MENCIÓN DE SERIE
Mención de serie Técnica
Designación de volumen o secuencia 1
490 1# - MENCIÓN DE SERIE
Mención de serie Producción de materiales de siembra
505 0# - NOTA DE CONTENIDO CON FORMATO
Nota de contenido con formato Introducción -- Proceso de producción -- Preparación y manejo de plántulas para la siembra en el campo -- Consideraciones finales -- Agradecimientos -- Bibliografías.
650 #4 - PUNTO DE ACCESO ADICIONAL DE MATERIA--TÉRMINO DE MATERIA
Término de materia o nombre geográfico como elemento de entrada Pimienta
Subdivisión general Cultivo
Subdivisión geográfica República Dominicana
9 (RLIN) 1553
700 1# - PUNTO DE ACCESO ADICIONAL--NOMBRE DE PERSONA
Nombre de persona Tejada, César
9 (RLIN) 1554
700 1# - PUNTO DE ACCESO ADICIONAL--NOMBRE DE PERSONA
Nombre de persona Moya, Juan de Dios
9 (RLIN) 1555
710 2# - PUNTO DE ACCESO ADICIONAL--NOMBRE DE ENTIDAD CORPORATIVA
Nombre de entidad corporativa o nombre de jurisdicción como elemento de entrada Instituto Dominicano de Investigaciones Agropecuárias y Florestales
9 (RLIN) 1556
830 #0 - PUNTO DE ACCESO ADICIONAL DE SERIE-TÍTULO UNIFORME
Título uniforme Técnica
Designación de volumen o secuencia 1
9 (RLIN) 1557
830 #0 - PUNTO DE ACCESO ADICIONAL DE SERIE-TÍTULO UNIFORME
Título uniforme Producción de materiales de siembra
9 (RLIN) 1558
Existencias
Estado de retiro Estado de pérdida Restricciones de uso No para préstamo Código de colección Localización permanente Ubicación/localización actual Ubicación en estantería Fecha de adquisición Número de inventario Total de préstamos Signatura topográfica completa Código de barras Fecha visto por última vez Número de copia Precio válido a partir de Tipo de ítem Koha
      Préstamo en sala Dominicana de Servicio Biblioteca Nacional Pedro Henríquez Ureña Biblioteca Nacional Pedro Henríquez Ureña Depósito 13.06.2011 LF1   633.84 A577p 471-30 25.06.2020 e. 3 25.06.2020 Libros y folletos
    Préstamo restringido Excluido de préstamo Patrimonio Dominicano Biblioteca Nacional Pedro Henríquez Ureña Biblioteca Nacional Pedro Henríquez Ureña Depósito 27.07.2009 LF1   633.84 A577p 471-10 25.06.2020   25.06.2020 Libros y folletos
    Préstamo restringido Excluido de préstamo Patrimonio Dominicano Biblioteca Nacional Pedro Henríquez Ureña Biblioteca Nacional Pedro Henríquez Ureña Depósito 27.07.2009 LF1   633.84 A577p 471-20 25.06.2020 e. 2 25.06.2020 Libros y folletos

Con tecnología Koha